000
00224 a2200097 4500
001
17956
100
_a
Baber, S
245
_a
United states aid to PAKISTAN
260
_a
_b
Pak Inst of Inter Affairs
_c
090
_c
13262
_d
13262
942
_a
NUST-CAE
_c
M
_c
3628
999
_c
253029
_d
253029